[Event "World op 51st"]
[Site "Philadelphia"]
[Date "2023.07.03"]
[Round "6"]
[White "Rowe, Duane"]
[Black "Puckett, Matthew"]
[Result "0-1"]
[WhiteElo "1979"]
[BlackElo "2120"]
[PlyCount "59"]
[EventDate "2023.06.30"]
[EventType "swiss"]
[EventRounds "9"]
[EventCountry "USA"]
[SourceTitle "CBM 215 Extra"]
[Source "ChessBase"]
[SourceDate "2023.09.30"]
[SourceVersion "1"]
[SourceVersionDate "2023.09.30"]
[SourceQuality "1"]

1. e4 c5 2. Nc3 Nc6 3. Bb5 Nd4 4. Bc4 e6 5. Nge2 a6 6. d3 b5 7. Bb3 Nxb3 8. axb3 Bb7 9. 0-0 Nf6 10. Bg5 d6 11. Kh1 Be7 12. Qe1 0-0 13. Nd1 d5 14. e5 Nd7 15. Bxe7 Qxe7 16. d4 cxd4 17. Nxd4 f6 18. exf6 Rxf6 19. Qa5 Qd6 20. Ne3 Rc8 21. Qd2 e5 22. Ne2 d4 23. Ng4 Rg6 24. h3 h5 25. f3 hxg4 26. hxg4 e4 27. Kg1 exf3 28. gxf3 Ne5 29. Nxd4 Nxg4 30. c3 0-1

[Event "Sharjah Blitz op 27th"]
[Site "Sharjah"]
[Date "2022.04.08"]
[Round "7"]
[White "Khalifa Essa, Albalooshi"]
[Black "Rowe, Duane"]
[Result "0-1"]
[WhiteElo "1647"]
[BlackElo "2030"]
[PlyCount "84"]
[EventDate "2022.04.08"]
[EventType "swiss (blitz)"]
[EventRounds "9"]
[EventCountry "UAE"]
[SourceTitle "CBM 207 Extra"]
[Source "ChessBase"]
[SourceDate "2022.05.31"]
[SourceVersion "1"]
[SourceVersionDate "2022.05.31"]
[SourceQuality "1"]

1. d4 Nf6 2. c4 c5 3. d5 e6 4. Nc3 exd5 5. cxd5 d6 6. e4 g6 7. Nf3 a6 8. a4 Bg4 9. Be2 Bxf3 10. Bxf3 Bg7 11. Bf4 0-0 12. 0-0 Ne8 13. Qd2 Nd7 14. Bd1 Ne5 15. Bc2 Nc4 16. Qc1 Qa5 17. Bd2 Nxd2 18. Qxd2 Nf6 19. Rfe1 Nd7 20. Rac1 b5 21. axb5 axb5 22. Bd3 c4 23. Bc2 Nc5 24. f4 b4 25. Ne2 Bxb2 26. Rb1 c3 27. Qd4 b3 28. Rxb2 cxb2 29. Bb1 Na4 30. h4 Qc5 31. h5 Qxd4+ 32. Nxd4 Nc3 33. Nxb3 Rfb8 34. Nd2 Ra1 35. Kf2 Nxb1 36. Rxb1 Rxb1 37. Nxb1 Rc8 38. e5 Kf8 39. hxg6 hxg6 40. exd6 Ke8 41. Ke3 Rc1 42. Na3 b1Q 0-1

[Event "Paracin Orbis IM 3rd"]
[Site "Paracin"]
[Date "2021.07.22"]
[Round "8"]
[White "Brankovic, Dejan"]
[Black "Rowe, Duane"]
[Result "1-0"]
[WhiteElo "2312"]
[BlackElo "2157"]
[PlyCount "69"]
[EventDate "2021.07.17"]
[EventType "tourn"]
[EventRounds "9"]
[EventCountry "SRB"]
[EventCategory "1"]
[SourceTitle "CBM 203 Extra"]
[Source "ChessBase"]
[SourceDate "2021.09.30"]
[SourceVersion "1"]
[SourceVersionDate "2021.09.30"]
[SourceQuality "1"]

1. e4 c5 2. Nf3 e6 3. d4 cxd4 4. Nxd4 Nc6 5. Nc3 Qc7 6. Be2 a6 7. 0-0 Nf6 8. Be3 b5 9. Nxc6 dxc6 10. f4 b4 11. Na4 c5 12. c3 bxc3 13. Nxc3 Bb7 14. e5 Nd5 15. Nxd5 exd5 16. Rc1 Be7 17. Qc2 Rc8 18. Bg4 0-0 19. Bxc8 Rxc8 20. Qf2 Bf8 21. Rc2 Qa5 22. Rfc1 c4 23. a3 Re8 24. Bd4 Bc8 25. f5 Qd8 26. Rf1 Qg5 27. Rc3 Qg4 28. Rg3 Qe4 29. e6 Kh8 30. exf7 Re5 31. Bxe5 Qxe5 32. Re3 Qd6 33. Re8 Bd7 34. Qf4 Qc5+ 35. Kh1 1-0

[Event "Paracin Orbis IM 3rd"]
[Site "Paracin"]
[Date "2021.07.20"]
[Round "6"]
[White "Ilincic, Zlatko"]
[Black "Rowe, Duane"]
[Result "1-0"]
[WhiteElo "2395"]
[BlackElo "2157"]
[PlyCount "85"]
[EventDate "2021.07.17"]
[EventType "tourn"]
[EventRounds "9"]
[EventCountry "SRB"]
[EventCategory "1"]
[SourceTitle "CBM 203 Extra"]
[Source "ChessBase"]
[SourceDate "2021.09.30"]
[SourceVersion "1"]
[SourceVersionDate "2021.09.30"]
[SourceQuality "1"]

1. d4 Nf6 2. c4 c5 3. d5 e6 4. Nc3 exd5 5. cxd5 d6 6. g3 g6 7. Bg2 Bg7 8. Nf3 0-0 9. 0-0 a6 10. a4 Nbd7 11. Nd2 Rb8 12. a5 b5 13. axb6 Nxb6 14. h3 Re8 15. e4 Nh5 16. Kh2 a5 17. Re1 Ra8 18. f4 Bd4 19. Qf3 a4 20. Rd1 f5 21. Nb5 Bg7 22. exf5 Bxf5 23. g4 Nxf4 24. gxf5 Re2 25. Rg1 Nh5 26. Nf1 Qe8 27. Nc7 Qe5+ 28. Kh1 Rf8 29. Be3 Rxb2 30. Re1 Rxf5 31. Qg4 Nf6 32. Qd1 Qc3 33. Ne6 Nc4 34. Bc1 Rc2 35. Nxg7 Kxg7 36. Ne3 Nxe3 37. Rxe3 Qc4 38. Re7+ Kf8 39. Ra7 Ne4 40. Bh6+ Ke8 41. Re1 Re5 42. Bxe4 Rxe4 43. Rf1 1-0

[Event "Paracin Orbis IM 3rd"]
[Site "Paracin"]
[Date "2021.07.18"]
[Round "2"]
[White "Alavi, Sayed Javad"]
[Black "Rowe, Duane"]
[Result "1-0"]
[WhiteElo "2445"]
[BlackElo "2157"]
[PlyCount "97"]
[EventDate "2021.07.17"]
[EventType "tourn"]
[EventRounds "9"]
[EventCountry "SRB"]
[EventCategory "1"]
[SourceTitle "CBM 203 Extra"]
[Source "ChessBase"]
[SourceDate "2021.09.30"]
[SourceVersion "1"]
[SourceVersionDate "2021.09.30"]
[SourceQuality "1"]

1. d4 Nf6 2. c4 c5 3. d5 e6 4. Nc3 d6 5. e4 exd5 6. exd5 Be7 7. Bd3 0-0 8. Nf3 Bg4 9. h3 Bh5 10. Bf4 Re8 11. 0-0 Nbd7 12. g4 Bg6 13. Bxg6 hxg6 14. Qb3 b6 15. Rfe1 Bf8 16. Kg2 a6 17. a4 Qc7 18. Qc2 Rac8 19. b3 Qb8 20. Bg3 Rxe1 21. Rxe1 Re8 22. Qd2 Rxe1 23. Qxe1 Qe8 24. Qxe8 Nxe8 25. g5 Be7 26. h4 Bd8 27. Kf1 Kf8 28. Kg2 Ke7 29. Nd2 Bc7 30. Nf1 f6 31. Ne3 fxg5 32. hxg5 Nf8 33. Ne4 Kd7 34. Kf3 Bd8 35. Kg4 Bc7 36. f4 Bd8 37. f5 Be7 38. fxg6 Nxg6 39. Kh5 Nf8 40. g6 Kd8 41. Nf5 Nd7 42. Bxd6 Ndf6+ 43. Nxf6 Nxf6+ 44. Kh4 Nxd5+ 45. Nxe7 Nxe7 46. Kg5 Kd7 47. Be5 Ke6 48. Bxg7 Ng8 49. Bc3 1-0

[Event "World op 49th"]
[Site "Philadelphia"]
[Date "2021.07.03"]
[Round "4"]
[White "Rowe, Duane"]
[Black "Pang, Brian"]
[Result "1/2-1/2"]
[WhiteElo "2157"]
[BlackElo "1799"]
[PlyCount "124"]
[EventDate "2021.07.01"]
[EventType "swiss"]
[EventRounds "9"]
[EventCountry "USA"]
[SourceTitle "EXT 2022"]
[Source "ChessBase"]
[SourceDate "2021.10.06"]
[SourceVersion "1"]
[SourceVersionDate "2021.10.06"]
[SourceQuality "1"]

1. e4 e5 2. Nf3 Nc6 3. Nc3 Nf6 4. g3 Bc5 5. Bg2 0-0 6. 0-0 d6 7. h3 Re8 8. Re1 a6 9. d3 h6 10. Nh4 Ne7 11. g4 Nh7 12. Be3 Ng6 13. Nxg6 fxg6 14. d4 Bb4 15. Qd3 Bxc3 16. Qxc3 g5 17. Rad1 Qe7 18. dxe5 dxe5 19. Rd2 b6 20. Red1 Nf8 21. Bf1 Bb7 22. Bc4+ Kh8 23. Bd5 Bxd5 24. exd5 Ng6 25. d6 cxd6 26. Rxd6 Nh4 27. Qd3 e4 28. Qc3 Qf7 29. Rd7 Re7 30. Rxe7 Qxe7 31. Kf1 Nf3 32. Qc6 Rd8 33. Rd5 b5 34. a3 Rxd5 35. Qxd5 Qe5 36. Qxe5 Nxe5 37. Ke2 Kg8 38. Bd4 Nf3 39. Ke3 Ng1 40. Kxe4 Nxh3 41. Be3 Kf7 42. f3 Ke6 43. b3 g6 44. Kd4 Kd6 45. c4 bxc4 46. Kxc4 h5 47. Kd3 hxg4 48. fxg4 Nf4+ 49. Ke4 Ne6 50. b4 Nd8 51. Bxg5 Nf7 52. Bf4+ Kc6 53. a4 g5 54. Be5 Nh6 55. Kf3 Kd5 56. Bf6 Nf7 57. Be7 Ne5+ 58. Kg3 Kc4 59. a5 Nf7 60. Kh3 Ne5 61. Bxg5 Nxg4 62. Kxg4 Kxb4 1/2-1/2

[Event "Titled Tuesday intern op 13th Oct"]
[Site "Chess.com INT"]
[Date "2020.10.13"]
[Round "10"]
[White "Khnykin, Nikolay"]
[Black "Rowe, Duane"]
[Result "1-0"]
[WhiteElo "2309"]
[BlackElo "2157"]
[PlyCount "39"]
[EventDate "2020.10.13"]
[EventType "swiss (blitz)"]
[EventRounds "10"]
[EventCountry "USA"]
[SourceTitle "CBM 198 Extra"]
[Source "ChessBase"]
[SourceDate "2020.11.30"]
[SourceVersion "1"]
[SourceVersionDate "2020.11.30"]
[SourceQuality "1"]

1. e4 c5 2. d4 cxd4 3. c3 d5 4. exd5 Qxd5 5. cxd4 Nc6 6. Nf3 e5 7. Nc3 Bb4 8. Be3 Bg4 9. Be2 exd4 10. Nxd4 Bxe2 11. Qxe2 Nge7 12. 0-0-0 Bxc3 13. bxc3 0-0-0 14. Nxc6 Qxc6 15. Qc2 Nd5 16. Qf5+ Kb8 17. Qe5+ Ka8 18. Rd3 f6 19. Qd4 Nxe3 20. Qxd8+ 1-0

[Event "Titled Tuesday intern op 13th Oct"]
[Site "Chess.com INT"]
[Date "2020.10.13"]
[Round "3"]
[White "Kim, Sergey2222"]
[Black "Rowe, Duane"]
[Result "1-0"]
[WhiteElo "2295"]
[BlackElo "2157"]
[PlyCount "77"]
[EventDate "2020.10.13"]
[EventType "swiss (blitz)"]
[EventRounds "10"]
[EventCountry "USA"]
[SourceTitle "CBM 198 Extra"]
[Source "ChessBase"]
[SourceDate "2020.11.30"]
[SourceVersion "1"]
[SourceVersionDate "2020.11.30"]
[SourceQuality "1"]

1. d4 Nf6 2. c4 c5 3. d5 e6 4. Nc3 exd5 5. cxd5 d6 6. e4 g6 7. Nge2 Bg7 8. Ng3 Na6 9. Be2 Nc7 10. 0-0 a6 11. a4 Rb8 12. Bf4 h5 13. e5 dxe5 14. Bxe5 0-0 15. Bf3 Bg4 16. Bxg4 Nxg4 17. Bxg7 Kxg7 18. h3 Nf6 19. d6 Ne6 20. Re1 Nd4 21. Nge4 b6 22. b4 Ne6 23. bxc5 bxc5 24. Qd3 Rb6 25. a5 Rb4 26. Qxa6 Nxe4 27. Nxe4 Rd4 28. Qb7 Kg8 29. a6 f5 30. a7 fxe4 31. a8Q Qf6 32. Qxf8+ Nxf8 33. Ra8 Qxd6 34. Ra7 Qd7 35. Qb8 Qd8 36. Qe5 Rd7 37. Qxc5 Rxa7 38. Qxa7 Qd4 39. Qxd4 1-0

[Event "Titled Tuesday intern op 13th Oct"]
[Site "Chess.com INT"]
[Date "2020.10.13"]
[Round "2"]
[White "Rowe, Duane"]
[Black "Piesik, Piotr"]
[Result "0-1"]
[WhiteElo "2157"]
[BlackElo "2396"]
[PlyCount "90"]
[EventDate "2020.10.13"]
[EventType "swiss (blitz)"]
[EventRounds "10"]
[EventCountry "USA"]
[SourceTitle "CBM 198 Extra"]
[Source "ChessBase"]
[SourceDate "2020.11.30"]
[SourceVersion "1"]
[SourceVersionDate "2020.11.30"]
[SourceQuality "1"]

1. e4 g6 2. d4 Bg7 3. Ne2 c6 4. g3 d6 5. Bg2 Nf6 6. 0-0 0-0 7. c4 Nbd7 8. Nbc3 e5 9. h3 Qc7 10. Be3 exd4 11. Nxd4 Re8 12. Qc2 a5 13. Rad1 Nf8 14. g4 Ne6 15. Nxe6 Bxe6 16. Bf4 Bxc4 17. Bxd6 Qc8 18. Rfe1 Nd7 19. b3 Ba6 20. Na4 Bb5 21. Nc5 Nxc5 22. Bxc5 Qe6 23. Rd6 Qe5 24. Red1 a4 25. b4 a3 26. Rd7 Ba4 27. Qc4 Bxd1 28. Qxf7+ Kh8 29. Rxd1 Qe6 30. Qxe6 Rxe6 31. Rd7 b5 32. f4 Bf8 33. Bd4+ Kg8 34. e5 Bxb4 35. f5 gxf5 36. gxf5 Re7 37. Rxe7 Bxe7 38. Bxc6 Rd8 39. f6 Bxf6 40. exf6 Rxd4 41. Bxb5 Kf7 42. Kf2 Rd2+ 43. Ke3 Rh2 44. Bc4+ Kxf6 45. Kd4 Rxh3 0-1

[Event "Online Olym Div4 E"]
[Site "Chess.com INT"]
[Date "2020.07.31"]
[Round "3.1"]
[White "Ramtulla, Aaron"]
[Black "Rowe, Duane"]
[Result "0-1"]
[WhiteElo "1191"]
[BlackElo "2157"]
[PlyCount "68"]
[EventDate "2020.07.31"]
[EventType "team-tourn (rapid)"]
[EventRounds "9"]
[EventCountry "USA"]
[SourceTitle "CBM 198"]
[Source "ChessBase"]
[SourceDate "2020.10.31"]
[SourceVersion "1"]
[SourceVersionDate "2020.10.31"]
[SourceQuality "1"]
[WhiteTeam "Bahamas"]
[BlackTeam "Jamaica"]
[WhiteTeamCountry "BAH"]
[BlackTeamCountry "JAM"]

1. e4 e5 2. Nf3 Nc6 3. Nc3 g6 4. Bc4 Bg7 5. a3 h6 6. 0-0 Nge7 7. d3 0-0 8. h3 d6 9. Be3 Kh7 10. Qd2 f5 11. exf5 gxf5 12. g3 d5 13. Bxd5 Nxd5 14. Nxd5 Qxd5 15. Nh4 f4 16. gxf4 Bf6 17. Ng2 Bxh3 18. f3 Rg8 19. Rf2 Bxg2 20. Rxg2 Rxg2+ 21. Qxg2 Rg8 22. c4 Rxg2+ 23. Kxg2 Qxd3 24. Bf2 e4 25. fxe4 Qxe4+ 26. Kf1 Qh1+ 27. Ke2 Qxa1 28. Bxa7 Qxb2+ 29. Kf3 Qxa3+ 30. Kg4 Qxa7 31. c5 Kg6 32. f5+ Kf7 33. Kh5 Qa1 34. Kxh6 Qh1# 0-1

[Event "New York Int op 11th"]
[Site "New York"]
[Date "2018.06.17"]
[Round "9"]
[White "Rowe, Duane"]
[Black "Allicock, Rawle Anthony"]
[Result "0-1"]
[WhiteElo "2096"]
[BlackElo "2198"]
[PlyCount "54"]
[EventDate "2018.06.13"]
[EventType "swiss"]
[EventRounds "9"]
[EventCountry "USA"]
[SourceTitle "CBM 185 Extra"]
[Source "ChessBase"]
[SourceDate "2018.07.29"]
[SourceVersion "1"]
[SourceVersionDate "2018.07.29"]
[SourceQuality "1"]

1. e4 c6 2. d4 d5 3. e5 Bf5 4. Nc3 e6 5. g4 Bg6 6. Nge2 h6 7. Bg2 c5 8. Nf4 Bh7 9. 0-0 cxd4 10. Nb5 Nc6 11. c4 dxc3 12. bxc3 Bc5 13. Be3 Bxe3 14. fxe3 Nxe5 15. Qd4 Qb8 16. Nxe6 fxe6 17. Qc5 Nf6 18. Nc7+ Kd7 19. Nxa8 Qxa8 20. Qb5+ Kd8 21. Rad1 Qc8 22. Qb4 Qc7 23. h3 Kc8 24. Qf4 Nc4 25. Qd4 Kb8 26. Qf4 Qxf4 27. Rxf4 Nxe3 0-1

[Event "New York Int op 11th"]
[Site "New York"]
[Date "2018.06.15"]
[Round "4"]
[White "Paragua, Mark"]
[Black "Rowe, Duane"]
[Result "1-0"]
[WhiteElo "2512"]
[BlackElo "2096"]
[PlyCount "53"]
[EventDate "2018.06.13"]
[EventType "swiss"]
[EventRounds "9"]
[EventCountry "USA"]
[SourceTitle "CBM 185 Extra"]
[Source "ChessBase"]
[SourceDate "2018.07.29"]
[SourceVersion "1"]
[SourceVersionDate "2018.07.29"]
[SourceQuality "1"]

1. d4 Nf6 2. c4 c5 3. d5 e6 4. Nc3 exd5 5. cxd5 d6 6. Nf3 g6 7. Bf4 a6 8. Nd2 Nh5 9. Qa4+ b5 10. Nxb5 axb5 11. Qxa8 Qb6 12. Be3 Bg7 13. Rc1 Bxb2 14. Rb1 Bc3 15. Qa3 Bxd2+ 16. Bxd2 Bf5 17. e4 Bxe4 18. Rxb5 Qd8 19. Rxb8 Qxb8 20. Qa4+ Kd8 21. Ba5+ Ke7 22. Qxe4+ Kf8 23. Bc3 f6 24. Bd3 Kg7 25. Qe7+ Kh6 26. Bd2+ g5 27. h4 1-0

[Event "New York Int op 11th"]
[Site "New York"]
[Date "2018.06.15"]
[Round "5"]
[White "Rowe, Duane"]
[Black "Daggupati, Balaji"]
[Result "1/2-1/2"]
[WhiteElo "2096"]
[BlackElo "2268"]
[PlyCount "27"]
[EventDate "2018.06.13"]
[EventType "swiss"]
[EventRounds "9"]
[EventCountry "USA"]
[SourceTitle "CBM 185 Extra"]
[Source "ChessBase"]
[SourceDate "2018.07.29"]
[SourceVersion "1"]
[SourceVersionDate "2018.07.29"]
[SourceQuality "1"]

1. e4 c5 2. d4 cxd4 3. c3 dxc3 4. Nxc3 Nc6 5. Nf3 e6 6. Bc4 d6 7. 0-0 Be7 8. Qe2 Nf6 9. Rd1 e5 10. Be3 0-0 11. Rac1 Bg4 12. h3 Bh5 13. g4 Bg6 14. Nh4 1/2-1/2

[Event "New York Int op 11th"]
[Site "New York"]
[Date "2018.06.14"]
[Round "3"]
[White "Rowe, Duane"]
[Black "Nestorovic, Nikola"]
[Result "1-0"]
[WhiteElo "2096"]
[BlackElo "2476"]
[PlyCount "61"]
[EventDate "2018.06.13"]
[EventType "swiss"]
[EventRounds "9"]
[EventCountry "USA"]
[SourceTitle "CBM 185 Extra"]
[Source "ChessBase"]
[SourceDate "2018.07.29"]
[SourceVersion "1"]
[SourceVersionDate "2018.07.29"]
[SourceQuality "1"]

1. e4 e5 2. Nc3 Nf6 3. Bc4 Nc6 4. d3 Bb4 5. Nge2 d5 6. exd5 Nxd5 7. 0-0 Nxc3 8. bxc3 Be7 9. f4 0-0 10. f5 Na5 11. Bb3 c5 12. c4 b6 13. Bb2 f6 14. Ng3 Bb7 15. Qg4 Rf7 16. Ba4 a6 17. Ne4 Nc6 18. Rf3 Nd4 19. Rh3 b5 20. Bb3 b4 21. Qh5 h6 22. Re1 Bc6 23. Qg6 Kf8 24. Bc1 Qd7 25. Bxh6 gxh6 26. Rxh6 Bd8 27. Ng5 Nxf5 28. Rh8+ Ke7 29. Qxf7+ Kd6 30. Ne4+ Kc7 31. Qxd7+ 1-0

[Event "New York Int op 11th"]
[Site "New York"]
[Date "2018.06.13"]
[Round "1"]
[White "Rowe, Duane"]
[Black "O'Donnell, Conor"]
[Result "1/2-1/2"]
[WhiteElo "2096"]
[BlackElo "2395"]
[PlyCount "103"]
[EventDate "2018.06.13"]
[EventType "swiss"]
[EventRounds "9"]
[EventCountry "USA"]
[SourceTitle "CBM 185 Extra"]
[Source "ChessBase"]
[SourceDate "2018.07.29"]
[SourceVersion "1"]
[SourceVersionDate "2018.07.29"]
[SourceQuality "1"]

1. e4 c5 2. d4 cxd4 3. c3 dxc3 4. Nxc3 Nc6 5. Nf3 e6 6. Bc4 a6 7. 0-0 b5 8. Bb3 Bb7 9. Re1 Bc5 10. Bg5 Nge7 11. Rc1 f6 12. Bh4 Ng6 13. Nxb5 Nxh4 14. Nxh4 Bxf2+ 15. Kxf2 Qb6+ 16. Re3 Qxb5 17. Nf3 Ne5 18. Nd4 Qb6 19. Ba4 Rc8 20. Rb3 Rxc1 21. Rxb6 Rxd1 22. Bxd1 Bc8 23. Be2 Kd8 24. a4 Kc7 25. a5 Bb7 26. Ke3 Rb8 27. b3 Bc8 28. Bxa6 Bxa6 29. Rxa6 Ng4+ 30. Kd2 e5 31. Ra7+ Kd8 32. Nc2 Rxb3 33. Ra8+ Kc7 34. a6 Rb8 35. Ra7+ Kc6 36. Kc3 Nf2 37. Nb4+ Kd6 38. Kc4 Nxe4 39. Nd3 Kc6 40. Nb4+ Kd6 41. Nd3 Nd2+ 42. Kc3 Nb1+ 43. Kc2 Na3+ 44. Kd2 Kc6 45. g4 g6 46. g5 fxg5 47. Nxe5+ Kd5 48. Nxd7 Rb2+ 49. Kd3 Rxh2 50. Nf6+ Kd6 51. Rxh7 Rxh7 52. Nxh7 1/2-1/2

[Event "JAM-ch"]
[Site "Kingston"]
[Date "2018.02.16"]
[Round "11"]
[White "Christie, Joshua"]
[Black "Rowe, Duane"]
[Result "0-1"]
[WhiteElo "2133"]
[BlackElo "2115"]
[PlyCount "90"]
[EventDate "2018.02.02"]
[EventType "tourn"]
[EventRounds "11"]
[EventCountry "JAM"]
[SourceTitle "CBM 183 Extra"]
[Source "ChessBase"]
[SourceDate "2018.04.19"]
[SourceVersion "1"]
[SourceVersionDate "2018.04.19"]
[SourceQuality "1"]

1. d4 Nf6 2. c4 c5 3. d5 e6 4. Nc3 d6 5. e4 exd5 6. cxd5 g6 7. Nf3 a6 8. a4 Bg4 9. Be2 Bxf3 10. Bxf3 Nbd7 11. 0-0 Bg7 12. Bf4 Qe7 13. Qb3 Rb8 14. h3 0-0 15. Rfe1 Ne5 16. Be2 Nfd7 17. Be3 g5 18. Qc2 Ng6 19. a5 Rfe8 20. Ra4 Be5 21. Qd2 h6 22. g3 Qf6 23. Nd1 Qg7 24. Bf3 b5 25. axb6 Nxb6 26. Rxa6 Nc4 27. Qc2 Nxb2 28. Nxb2 Rxb2 29. Qa4 Reb8 30. Ra8 Qf6 31. Bg2 Rxa8 32. Qxa8+ Kg7 33. Qa4 Rb4 34. Qc2 Bd4 35. Bc1 Ne5 36. Qe2 Rb3 37. Rd1 Rxg3 38. Rxd4 Nf3+ 39. Kf1 Nxd4 40. Qd1 Rb3 41. h4 Rb1 42. hxg5 Qxg5 43. f4 Qg3 44. e5 Nf5 45. exd6 Ne3+ 0-1